|
|
|
|
| LEADER |
01849cas a2200241 a 4500 |
| 001 |
AALejournalIMF018707 |
| 008 |
230101c9999 xx r poo 0 0eng d |
| 020 |
|
|
|c 5.00 USD
|
| 020 |
|
|
|z 9781484372159
|
| 022 |
|
|
|a 1934-7685
|
| 040 |
|
|
|a BD-DhAAL
|c BD-DhAAL
|
| 110 |
2 |
|
|a International Monetary Fund.
|b Fiscal Affairs Dept.
|
| 245 |
1 |
0 |
|a Colombia :
|b Fiscal Transparency Evaluation.
|
| 264 |
|
1 |
|a Washington, D.C. :
|b International Monetary Fund,
|c 2018.
|
| 300 |
|
|
|a 1 online resource (104 pages)
|
| 490 |
1 |
|
|a IMF Staff Country Reports
|
| 500 |
|
|
|a <strong>Off-Campus Access:</strong> No User ID or Password Required
|
| 500 |
|
|
|a <strong>On-Campus Access:</strong> No User ID or Password Required
|
| 506 |
|
|
|a Electronic access restricted to authorized BRAC University faculty, staff and students
|
| 520 |
3 |
|
|a This fiscal transparency evaluation (FTE) report assesses fiscal transparency practices in Colombia against the first three pillars of the IMF's Fiscal Transparency Code. Fiscal forecasting and budgeting-Pillar II-is the strongest area in Colombia's FTE. Half of the related indicators are advanced, mostly in the areas of: (1) orderliness of the legislative process and the adequacy of powers and information available to Congress; (2) credibility of economic and fiscal forecasts; and (3) medium-term forecasts and policy orientation. Fiscal reporting-Pillar I-and fiscal risk analysis and management-Pillar III-also reveal clear strengths. Fiscal reporting practices are advanced in terms of the coverage of fiscal institutions in fiscal reports and timeliness of annual financial statements.
|
| 538 |
|
|
|a Mode of access: Internet
|
| 830 |
|
0 |
|a IMF Staff Country Reports; Country Report ;
|v No. 2018/250
|
| 856 |
4 |
0 |
|z Full text available on IMF
|u http://elibrary.imf.org/view/journals/002/2018/250/002.2018.issue-250-en.xml
|z IMF e-Library
|